ARRUPE JESUIT UNIVERSITY

CORONAVIRUS -STOP THE SPREAD - CLEAN,DISINFECT,COVER

Meeting prehistoric man. (Record no. 128896)

MARC details
000 -LEADER
fixed length control field 00953cam a22002771 4500
001 - CONTROL NUMBER
control field 8402762
003 - CONTROL NUMBER IDENTIFIER
control field ARRUPE
005 - DATE AND TIME OF LATEST TRANSACTION
control field 20190205105723.0
008 - FIXED-LENGTH DATA ELEMENTS--GENERAL INFORMATION
fixed length control field 770414s1956 enka 000 0 eng
010 ## - LIBRARY OF CONGRESS CONTROL NUMBER
LC control number 56044047
015 ## - NATIONAL BIBLIOGRAPHY NUMBER
National bibliography number GB56-13662
035 ## - SYSTEM CONTROL NUMBER
System control number (OCoLC)2888243
040 ## - CATALOGING SOURCE
Original cataloging agency DLC
Transcribing agency ScCC
Modifying agency OCoLC
-- Uk
-- OCoLC
-- DLC
041 1# - LANGUAGE CODE
Language code of text/sound track or separate title eng
Language code of original and/or intermediate translations of text ger
042 ## - AUTHENTICATION CODE
Authentication code premarc
050 00 - LIBRARY OF CONGRESS CALL NUMBER
Classification number SPC. GN75.A9
Item number K65 1956
082 ## - DEWEY DECIMAL CLASSIFICATION NUMBER
Classification number 573.7
-- 573.6*
300 ## - PHYSICAL DESCRIPTION
Other physical details illus.
Dimensions 23 cm.
100 1# - MAIN ENTRY--PERSONAL NAME
Personal name Koenigswald, G. H. R. von
Fuller form of name (Gustav Heinrich Ralph),
Dates associated with a name 1902-1982.
9 (RLIN) 44372
245 10 - TITLE STATEMENT
Title Meeting prehistoric man.
Statement of responsibility, etc [Translated from the German by Michael Bullock] Illustrated with 38 photos. and 48 drawings.
260 ## - PUBLICATION, DISTRIBUTION, ETC. (IMPRINT)
Place of publication, distribution, etc London,
-- New York,
Name of publisher, distributor, etc Thames and Hudson
Date of publication, distribution, etc [1956]
300 ## - PHYSICAL DESCRIPTION
Extent 216 p.
650 #0 - SUBJECT ADDED ENTRY--TOPICAL TERM
Topical term or geographic name as entry element Prehistoric peoples.
9 (RLIN) 28897
650 #0 - SUBJECT ADDED ENTRY--TOPICAL TERM
Topical term or geographic name as entry element Craniology.
9 (RLIN) 44250
906 ## - LOCAL DATA ELEMENT F, LDF (RLIN)
a 7
b cbc
c oclcrpl
d u
e ncip
f 19
g y-gencatlg
942 ## - ADDED ENTRY ELEMENTS (KOHA)
Source of classification or shelving scheme Library of Congress Classification
Koha item type SPC
Holdings
Withdrawn status Lost status Source of classification or shelving scheme Damaged status Not for loan Collection code Home library Current library Shelving location Date acquired Total Checkouts Full call number Barcode Date last seen Price effective from Koha item type
    Library of Congress Classification     SPECIAL Collection ARRUPE LIBRARY ARRUPE LIBRARY REFERENCE 05/02/2019   SPC. GN75.A9 K65 1956 46600003582 05/02/2019 05/02/2019 SPC

 

Arrupe Library. PO Box MP320 Mt Pleasant, Harare, Zimbabwe
263 242 745411|librarian@aju.ac.zw